00399nam a2200145Ia 4500008004100000020002800041040001900069041001200088082002900100100001200129245003400141260004200175300001700217650001900234140110s9999 xx 000 0 und d a9789381180815cRs.75.00 aLoreto College aEnglish a891.441/SRIbLCLIB/49297 aSrijato aTrain haranor gandhocSrijato aSriramporebSaptarshi Prakashanc2012 a80p.c18c.m. aBengali-Poetry